000 00276nam a22001217a 4500
003 OSt
008 221107b |||||||| |||| 00| 0 eng d
041 _aeng
082 _a335
_bDOB/ON
100 _aDobb, Maurice
_95300
245 _aOn economic theory and socialism
942 _cBK
999 _c17576
_d17576